[Event "Mecklenburg VP-ch U18"]
[Site "Greifswald"]
[Date "2004.02.08"]
[Round "4"]
[White "Laqua, Stefan"]
[Black "Steinke, Peter"]
[Result "1-0"]
[WhiteElo "1125"]
[BlackElo "1005"]
[PlyCount "91"]
[EventDate "2004.04.??"]
[EventType "swiss"]
[EventRounds "7"]
[EventCountry "GER"]
[SourceTitle "EXT 2005"]
[Source "ChessBase"]
[SourceDate "2004.11.15"]
[SourceVersion "1"]
[SourceVersionDate "2004.11.15"]
[SourceQuality "1"]

1. e4 c5 2. Nf3 Nc6 3. d4 cxd4 4. Nxd4 d6 5. Nc3 Nf6 6. Bc4 g6 7. Be3 Bg7 8. f3 0-0 9. Qd2 a6 10. 0-0-0 Qc7 11. Bb3 Nd7 12. h4 Nc5 13. h5 Nxd4 14. Bxd4 Nxb3+ 15. cxb3 e5 16. Be3 Rd8 17. Kb1 Be6 18. Bh6 Bh8 19. hxg6 fxg6 20. Nd5 Bxd5 21. Qxd5+ Qf7 22. Qxf7+ Kxf7 23. Bg5 Rd7 24. Rxh7+ Ke6 25. Rxd7 Kxd7 26. Kc2 Rc8+ 27. Kd3 b5 28. Bd2 Ke6 29. Bc3 Bf6 30. Rh1 Be7 31. g3 Rf8 32. Ke2 g5 33. Ke3 Kd7 34. Rh7 Ke6 35. Rh6+ Kf7 36. Bb4 g4 37. Rh7+ Ke6 38. fxg4 Bg5+ 39. Ke2 Rc8 40. Bc3 Ra8 41. Rb7 d5 42. Rb6+ Kd7 43. exd5 e4 44. Re6 e3 45. Bd4 Rh8 46. Bxh8 1-0

[Event "Mecklenburg VP-ch U18"]
[Site "Greifswald"]
[Date "2004.02.07"]
[Round "2"]
[White "Steinke, Peter"]
[Black "Zimmermann, Gordon"]
[Result "0-1"]
[WhiteElo "1005"]
[BlackElo "1371"]
[PlyCount "76"]
[EventDate "2004.04.??"]
[EventType "swiss"]
[EventRounds "7"]
[EventCountry "GER"]
[SourceTitle "EXT 2005"]
[Source "ChessBase"]
[SourceDate "2004.11.15"]
[SourceVersion "1"]
[SourceVersionDate "2004.11.15"]
[SourceQuality "1"]

1. d4 d5 2. Nf3 Nf6 3. c4 e6 4. Bg5 Nbd7 5. Nc3 c6 6. e3 Qa5 7. Be2 Ne4 8. Qc2 Bb4 9. 0-0 Nxc3 10. bxc3 Bxc3 11. Rab1 0-0 12. Qb3 f6 13. Bh4 e5 14. Rfc1 exd4 15. exd4 Bd2 16. Rc2 Bf4 17. cxd5 cxd5 18. Bd3 Re8 19. Bb5 g5 20. Bg3 Bxg3 21. hxg3 Kh8 22. Qxd5 a6 23. Bc4 Qxd5 24. Bxd5 Rb8 25. a4 Nf8 26. Re1 Rxe1+ 27. Nxe1 Bf5 28. Rc7 b6 29. f3 Rd8 30. Bb7 Rxd4 31. Bxa6 Rxa4 32. Bf1 Ra1 33. Kf2 Rb1 34. g4 Be6 35. Re7 b5 36. Bd3 Rb2+ 37. Ke3 Ba2 38. Rf7 Bxf7 0-1